| 000 | 00665cab a2200229 4500 | ||
|---|---|---|---|
| 001 | WB2545-27 | ||
| 008 | 090401t1989 xxu||||| |||| 00| 0 eng d | ||
| 035 | _a(Sirsi) u78886 | ||
| 041 | _aeng | ||
| 245 | _aBedfordshire property market | ||
| 260 | _c1989 | ||
| 350 | _a0 | ||
| 490 |
_aFinancial Times _v10/11/89 p21 |
||
| 520 | _aThe property market in Luton and Bedford is fairly bouyant as prices, generally low for the south-east, are attracting buyers. | ||
| 650 | _aBEDFORDSHIRE | ||
| 650 | _aPROPERTY-COMMERCIAL PROPERTY | ||
| 650 | _aHOUSE PRICES | ||
| 650 | _aRENT | ||
| 690 | _aPROPERTY LAW AND PRACTICE | ||
| 942 | _n0 | ||
| 948 | _c04/03/1997 | ||
| 999 |
_c49582 _d49582 |
||